Analýza činností hnutia Hamás na pozadí arabsko-izraelského konfliktu bakalárska práca

Saved in:
Bibliographic Details
Main Author: Baričičová, Jana
Corporate Author: Fakulta medzinárodných vzťahov EU. Katedra medzinárodných politických vzťahov
Other Authors: Krupová, Kristína, 1993-
Format: Book
Language:Slovak
Published: Bratislava 2021
Tags: Add Tag
No Tags, Be the first to tag this record!

MARC

LEADER 00000nbm a2200000 4500
001 0275369
005 20220222101420.3
041 0 |a slo 
044 |a SK 
245 1 0 |a Analýza činností hnutia Hamás na pozadí arabsko-izraelského konfliktu  |b bakalárska práca  |c Jana Baričičová ; školiteľ: Kristína Krupová 
264 1 |a Bratislava  |c 2021 
300 |a 57 s. 
100 1 |a Baričičová, Jana 
700 1 |a Krupová, Kristína, 1993- 
710 2 |a Fakulta medzinárodných vzťahov EU. Katedra medzinárodných politických vzťahov